000 00417pab a2200169 454500
008 180718b2012 xxu||||| |||| 00| 0 eng d
100 _aDeka, Arup Kumar
245 _aUnderstanding conflict in BTAD of Assam
260 _c2012
300 _ap.7-9.
362 _a1 Sep
650 _aAssam - Politics and government
650 _aPolitics and government
773 _aMainstream
908 _aN
909 _a97709
999 _c97708
_d97708